000 00474nam a2200133 a 4500
001 000031013
005 20200930062641.0
008 110610s1927 dr 000 0 spa d
040 _aDO-SdBNP
_bspa
_bBNPHU
110 2 _aSecretaría de Estado de Agricultura e Inmigración
_957515
245 1 0 _aResumen de la actividad del departamento de agricultura en sus puntos más importantes.
260 _aSanto Domingo :
_bImpreso J. R. Vda. García,
_c1927.
300 _a8 p. ;
_c24 cm.
999 _c30505
_d30505